[Event "4th Marcel Duchamp Open"]
[Site "Buenos Aires ARG"]
[Date "2012.10.25"]
[Round "4.33"]
[White "Flores,N"]
[Black "Luvotti,Damian"]
[Result "1-0"]
[WhiteElo "1944"]
[BlackElo "1612"]

1.Nf3 d5 2.g3 c6 3.Bg2 e6 4.d3 Nf6 5.c3 Bd6 6.Nbd2 O-O 7.e4 e5 8.O-O Bg4
9.Qb3 Qc7 10.Re1 Bxf3 11.Nxf3 Nbd7 12.d4 exd4 13.Nxd4 Nc5 14.Qc2 Ncxe4 15.c4 Bc5
16.cxd5 cxd5 17.b4 Bb6 18.Qxc7 Bxc7 19.f3 Bb6 20.Bb2 Nd6 21.Kh1 Rfe8 22.Nb3 Rac8
23.Bxf6 gxf6 24.Red1 Re7 25.Rxd5 Rce8 26.Bf1 Nc8 27.a4 Bf2 28.Kg2 Be1 29.b5 Nb6
30.Rf5 Kg7 31.a5 Nd7 32.Ra4 Ne5 33.Rh5 Ng6 34.f4 Nf8 35.Nd4 Kg6 36.g4 Re4
37.Nf5 Rxf4 38.Rxf4 Bxa5 39.h4 Ne6 40.Rh6+  1-0

[Event "4th Marcel Duchamp Open"]
[Site "Buenos Aires ARG"]
[Date "2012.10.25"]
[Round "4.7"]
[White "Uelf,M"]
[Black "Bronstein,L"]
[Result "1/2-1/2"]
[WhiteElo "2157"]
[BlackElo "2369"]

1.Nf3 d5 2.g3 g6 3.Bg2 Bg7 4.d4 Nf6 5.O-O O-O 6.Nbd2 a5 7.Re1 Nc6 8.c3 Bf5
9.a4 Qd6 10.Nb3 b6 11.Bf4  1/2-1/2

[Event "Trophee Karpov Preliminary 2012"]
[Site "Cap d'Agde FRA"]
[Date "2012.10.26"]
[Round "1"]
[White "Bauer,Ch"]
[Black "Edouard,R"]
[Result "0-1"]
[WhiteElo "2664"]
[BlackElo "2664"]

1.Nf3 d5 2.g3 Nf6 3.Bg2 g6 4.c4 Bg7 5.cxd5 Nxd5 6.O-O c5 7.d4 cxd4 8.Nxd4 O-O
9.Nb5 Be6 10.Bxd5 Bxd5 11.N1c3 Bxc3 12.Nxc3 Bc6 13.Bh6 Qxd1 14.Rfxd1 Rc8
15.b4 f6 16.b5 Be8 17.Nd5 Kf7 18.b6 Nd7 19.Nc7 Nxb6 20.Nxa8 Nxa8 21.Be3 a6
22.Rac1 Bc6 23.h4 Nc7 24.Bb6 Ne6 25.f3 h5 26.Kf2 Rh8 27.e4 Rg8 28.Re1 Nf8
29.Red1 Ne6 30.Ke3 g5 31.Rg1 g4 32.f4 f5 33.exf5 Ng7 34.Rc5 Kf6 35.Bc7 Nxf5+
36.Kf2 e6 37.Rd1 Ke7 38.Be5 Rc8 39.Rd2 Rg8 40.a4 Rc8 41.a5 Rg8 42.Rcc2 Re8
43.Rd3 Kf7 44.Rcd2 Bd5 45.Rc3 Bc6 46.Bc7 Ke7 47.Bb6 Rc8 48.Ke1 Rg8 49.Kd1 Bf3+
50.Kc1 Nxg3 51.Rc7+ Kf6 52.Rdd7 Ne2+ 53.Kd2 Nxf4 54.Bd4+ Kf5 55.Rf7+ Ke4
56.Bf6 e5 57.Rc5 Re8 58.Rxb7 g3 59.Rb1 Re6 60.Re1+ Ne2 61.Bg5 Rd6+ 62.Kc2 g2
63.Rc4+ Rd4 64.Rc8 g1=Q 65.Rxg1 Nxg1  0-1

[Event "Trophee Karpov Preliminary 2012"]
[Site "Cap d'Agde FRA"]
[Date "2012.10.26"]
[Round "2"]
[White "Ju Wenjun"]
[Black "Goryachkina,A"]
[Result "1/2-1/2"]
[WhiteElo "2498"]
[BlackElo "2384"]

1.Nf3 d5 2.g3 Nf6 3.Bg2 c6 4.O-O Bg4 5.c4 e6 6.cxd5 exd5 7.d3 Be7 8.Qc2 Nbd7
9.e4 Bxf3 10.Bxf3 Ne5 11.Bg2 dxe4 12.dxe4 Qd3 13.Qxd3 Nxd3 14.Nc3 O-O 15.h3 Nxc1
16.Raxc1 Rfd8 17.Rfd1 Nd7 18.Kf1 Nc5 19.Ke2 Ne6 20.f4 f6 21.Bf1 Kf8 22.Kf3 Rxd1
23.Rxd1 Rd8 24.Rxd8+ Bxd8 25.Bc4 Ke7 26.Ne2 Bb6 27.e5 fxe5 28.fxe5 Ng5+ 29.Kg4 Nf7
30.Bxf7 Kxf7 31.Kf5 g6+ 32.Ke4 Ke7 33.g4 Bf2 34.Kf3 Bb6 35.h4 a5 36.h5 g5
37.b3 Ke6 38.Ke4 Ba7 39.Nc1 b5 40.Ne2 Bb6 41.Nc1 Ba7 42.Nd3 c5 43.Nb2 Bb8
44.Nd3 Ba7 45.Nb2 Bb8 46.Nd3 Ba7 47.Nb2 Bb8 48.Nd3 Ba7 49.Nb2 Bb8 50.Nd3 Ba7
51.Nb2 Bb8 52.Nd3 Ba7 53.Nb2 Bb8 54.Nd3 Ba7 55.Nb2 Bb8 56.Nd3 Ba7  1/2-1/2

[Event "38th Guernsey Open"]
[Site "Guernsey GCI"]
[Date "2012.10.26"]
[Round "6"]
[White "Norman,K"]
[Black "Houska,Jo"]
[Result "1-0"]
[WhiteElo "2190"]
[BlackElo "2398"]

1.Nf3 d5 2.g3 Nf6 3.Bg2 c6 4.O-O Bf5 5.d3 e6 6.Nbd2 h6 7.b3 Be7 8.Bb2 O-O
9.c4 Nbd7 10.a3 a5 11.Qc2 Bd6 12.Rfe1 Bh7 13.e4 dxe4 14.Nxe4 Nxe4 15.dxe4 Qe7
16.Qc3 e5 17.Nh4 Rfd8 18.Nf5 Bxf5 19.exf5 Bc5 20.Qc2 f6 21.g4 Nf8 22.Re4 Qd6
23.Re2 Rd7 24.Be4 Rad8 25.Kg2 Qe7 26.Bc3 Bd4 27.Ra2 h5 28.h3 hxg4 29.hxg4 Qc5
30.Be1 Nh7 31.b4 axb4 32.axb4 Qe7 33.c5 Ng5 34.Bd3 g6 35.Bc4+ Kg7 36.f4 exf4
37.Rxe7+ Rxe7 38.Bf2 f3+ 39.Kf1 Nh3 40.Bxd4 Rxd4 41.Be6 Rxb4 42.Ra8 g5 43.Rg8+ Kh7
44.Qa2 Rxg4 45.Rh8+ Kxh8 46.Qa8+ Kg7 47.Qg8+ Kh6 48.Qg6+  1-0

[Event "16th OIBM 2012"]
[Site "Bad Wiessee GER"]
[Date "2012.10.27"]
[Round "1.29"]
[White "Weber,U"]
[Black "Aigner,Geo"]
[Result "1-0"]
[WhiteElo "2420"]
[BlackElo "1989"]

1.Nf3 d5 2.g3 c5 3.Bg2 Nc6 4.O-O Nf6 5.d3 e5 6.e4 d4 7.a4 h6 8.Na3 Be6 9.Bd2 Bd6
10.Nh4 Ne7 11.f4 exf4 12.gxf4 Nh7 13.Qe1 O-O 14.f5 Bc8 15.e5 Bc7 16.f6 Ng6
17.fxg7 Kxg7 18.Nf5+ Bxf5 19.Rxf5 Qh4 20.Nc4 Qg4 21.Rf3 Ng5 22.Rg3 Qf5 23.Qe2 Bxe5
24.Nxe5 Rae8 25.Rf1 Qxe5 26.Qf2 Qe2 27.Qf6+ Kg8 28.Bxg5 hxg5 29.Rxg5 Qe6
30.Qxe6 Rxe6 31.Bxb7 Kg7 32.Rxc5 Rb8 33.Rb5 Re2 34.Rf2  1-0

[Event "TCh-DEN XtraCon 2012-13"]
[Site "Denmark DEN"]
[Date "2012.10.27"]
[Round "1.8"]
[White "Rathlev,J"]
[Black "Haubro,S"]
[Result "1/2-1/2"]
[WhiteElo "2238"]
[BlackElo "2130"]

1.Nf3 d5 2.g3 e6 3.Bg2 f5 4.c4 Nf6 5.O-O Be7 6.b3 O-O 7.Bb2 c6 8.d3 a5 9.Nbd2 b5
10.cxb5 cxb5 11.e4 dxe4 12.dxe4 Ra7 13.Qe2 b4 14.exf5 exf5 15.Rfd1 Qe8 16.Bd4 Rc7
17.Rac1 Rxc1 18.Rxc1 Qd7 19.Qe5 Nc6 20.Rxc6 Qxc6 21.Qxe7 Re8 22.Qa7 Ba6 23.h3 Ra8
24.Qf7+ Kxf7 25.Ne5+ Ke6 26.Nxc6 Bb7 27.Nc4 Ne4 28.N4xa5 Bxc6 29.Nxc6 Kd5
30.Bxg7 Kxc6 31.g4 Rg8 32.Bb2 Kc5 33.gxf5 Nc3 34.a3 Rg5 35.f6 h6 36.axb4+ Kxb4
37.f7 Rf5 38.Bxc3+ Kxc3 39.Bd5 Kd4 40.Bc4 Ke5 41.Kg2 Kd6 42.Kg3 Ke7 43.f4 Rc5
44.Be6 Rb5 45.Kg4 Rb8 46.Kf5 Rb6 47.h4 Kf8 48.h5 Kg7 49.Ke5 Kf8 50.f5 Kg7
51.Kd4 Rb4+ 52.Kc5 Rh4 53.b4 Rxh5 54.b5 Rh1 55.Kd6 Kf8 56.Bd5 Rb1 57.Kc6 Rc1+
58.Kb6 Rf1 59.Kc5 Rxf5 60.b6 Rf2 61.Bc4 Rb2 62.Kc6 h5 63.Bb5 Rc2+ 64.Kd7 Rb2
65.Kc6 Rc2+ 66.Kd5 Rc8 67.b7 Rb8 68.Bc6  1/2-1/2

[Event "TCh-SVK Extraliga 2012-13"]
[Site "Slovakia SVK"]
[Date "2012.10.27"]
[Round "1.4"]
[White "Kleman,M"]
[Black "Vojtek,V"]
[Result "1/2-1/2"]
[WhiteElo "2187"]
[BlackElo "2283"]

1.Nf3 d5 2.g3 c6 3.Bg2 Bf5 4.d3 e6 5.Nbd2 Nd7 6.e4 Bg6 7.Nh4 Be7 8.Nxg6 hxg6
9.O-O Ngf6 10.Qe2 Qc7 11.b3 Bc5 12.Bb2 dxe4 13.d4 Be7 14.Nxe4 Nxe4 15.Bxe4 Nf6
16.Bg2 O-O 17.c4 a5 18.a3 Rfe8 19.Rfe1 Qb6 20.Qc2 Ng4 21.Bf3 Nh6 22.g4 Qd8
23.c5 Bg5 24.h3 Kf8 25.b4 Ng8 26.b5 Ne7 27.Rad1 Nd5 28.a4 Qd7 29.Bc1 Bxc1
30.Bxd5 Qxd5 31.Rxc1 Qxd4 32.Rcd1 Qf4 33.Rd7 Re7 34.Red1 Rae8 35.R1d4 Qe5
36.f4 Qe3+ 37.Kg2 Rxd7 38.Rxd7 Qxf4 39.Qd3 Kg8 40.Rxb7 cxb5 41.axb5 e5 42.Rd7 f5
43.Rd8 Rxd8 44.Qxd8+ Kh7 45.Qh4+ Kg8 46.Qd8+  1/2-1/2

[Event "Chigorin Memorial"]
[Site "St Petersburg RUS"]
[Date "2012.10.27"]
[Round "1.120"]
[White "Zakharov,Y"]
[Black "Charochkina,D"]
[Result "0-1"]
[WhiteElo "1902"]
[BlackElo "2343"]

1.Nf3 d5 2.g3 Bg4 3.Ne5 Bf5 4.Bg2 Nd7 5.d4 Nxe5 6.dxe5 c6 7.O-O g6 8.b3 Bg7
9.Bb2 h5 10.Nd2 Qc7 11.Nf3 Be4 12.Re1 Nh6 13.h3 Nf5 14.Qc1 c5 15.e6 f6 16.c4 Bh6
17.e3 Bxf3 18.Bxf3 d4 19.Qd1 dxe3 20.Qd7+ Qxd7 21.exd7+ Kxd7 22.Bxb7 Rad8
23.Be4 Kc7 24.Bc3 exf2+ 25.Kxf2 Bd2 26.Bxd2 Rxd2+ 27.Kf3 Nd4+ 28.Ke3 Rh2
29.Rh1 Re2+ 30.Kd3 f5 31.Bf3 Rf2 32.Bd1 Rg2 33.Ke3 Rxg3+ 34.Kf4 h4  0-1

[Event "Chigorin Memorial"]
[Site "St Petersburg RUS"]
[Date "2012.10.27"]
[Round "1.111"]
[White "Karasev,Vl"]
[Black "Boytsov,Alexander"]
[Result "1-0"]
[WhiteElo "2373"]
[BlackElo "1945"]

1.Nf3 d5 2.g3 Nf6 3.Bg2 g6 4.O-O Bg7 5.d3 O-O 6.c3 b6 7.Qa4 Bb7 8.Qh4 Nbd7
9.Bh6 c5 10.Nbd2 Qc7 11.Rfe1 Rfe8 12.e4 dxe4 13.dxe4 e5 14.Bf1 Nf8 15.Bc4 Bc8
16.Ng5 Re7 17.h3 Nh5 18.Bxg7 Kxg7 19.Bd5 Rb8 20.Nc4 h6 21.Nf3 b5 22.Ne3 Nh7
23.Bb3 N5f6 24.Ng4 Ng8 25.Nfh2 h5 26.Ne3 Ngf6 27.Nf3 Kh6 28.Nd5 g5 29.Nxc7 gxh4
30.Nd5 Nxd5 31.exd5 hxg3 32.d6 gxf2+ 33.Kxf2 Reb7 34.Bd5 f6 35.Bxb7 Rxb7
36.Rad1 Bxh3 37.Rd5 c4 38.Rc5 Rb6 39.Rd1 Nf8 40.Rc7 a5 41.d7 Nxd7 42.Rdxd7 Bxd7
43.Rxd7 b4 44.Ke3 Kg6 45.Rc7 bxc3 46.bxc3 Rb2 47.a4 Rg2 48.Nh4+  1-0

[Event "Chigorin Memorial"]
[Site "St Petersburg RUS"]
[Date "2012.10.27"]
[Round "1.168"]
[White "Gantsevich,Dmitry"]
[Black "Vunder,A"]
[Result "0-1"]
[WhiteElo "1546"]
[BlackElo "2243"]

1.Nf3 d5 2.g3 Bg4 3.Bg2 Nd7 4.O-O Ngf6 5.d3 c6 6.Nbd2 e5 7.h3 Bh5 8.c3 Be7
9.Qc2 O-O 10.e4 dxe4 11.dxe4 Re8 12.Nc4 Qc7 13.Bg5 h6 14.Bxf6 Bxf6 15.Rad1 Be7
16.Rd2 Rad8 17.Rfd1 Bxf3 18.Bxf3 b5 19.Ne3 Bg5 20.Rd3 Bxe3 21.Rxe3 Nc5 22.Re2 Rxd1+
23.Qxd1 Rd8 24.Rd2 Rxd2 25.Qxd2 Kf8 26.Bg2 Ke7 27.Kf1 Qd6 28.Qxd6+ Kxd6 29.b3 Nd3
30.b4 Nc1 31.Ke1 Nxa2 32.Kd2 c5  0-1

[Event "Chigorin Memorial"]
[Site "St Petersburg RUS"]
[Date "2012.10.27"]
[Round "1.67"]
[White "Demuth,A"]
[Black "Androsov,S"]
[Result "1-0"]
[WhiteElo "2479"]
[BlackElo "2081"]

1.Nf3 d5 2.g3 c5 3.Bg2 Nc6 4.d4 Nf6 5.O-O cxd4 6.Nxd4 e5 7.Nxc6 bxc6 8.c4 Bb7
9.cxd5 Nxd5 10.b3 Bc5 11.Bb2 Qe7 12.Nd2 Rd8 13.Ne4 Bb6 14.Qc1 O-O 15.Nc3 Nxc3
16.Qxc3 Bd4 17.Qc2 Rd6 18.Rac1 Bxb2 19.Qxb2 Rfd8 20.Qa3 a6 21.Bxc6 Bc8 22.Qc5 Bg4
23.Bf3 Bh3 24.Bg2 Bg4 25.Bf3 Bh3 26.Bg2 Bg4 27.Rfe1 h5 28.Bf3 Qf6 29.Qe3 Rd4
30.Rc5 Rd1 31.Rxd1 Rxd1+ 32.Kg2 Qf5 33.Bxg4 hxg4 34.Rxe5  1-0

[Event "Vizag GM Open 2012"]
[Site "Visakhapatnam IND"]
[Date "2012.10.27"]
[Round "2.18"]
[White "Nolte,R"]
[Black "Shamima,A"]
[Result "1-0"]
[WhiteElo "2445"]
[BlackElo "2151"]

1.Nf3 d5 2.g3 Nf6 3.Bg2 c6 4.O-O Bf5 5.d3 Nbd7 6.Nbd2 e5 7.Qe1 Bc5 8.e4 dxe4
9.dxe4 Bg4 10.Nc4 Qc7 11.b4 Be7 12.Bb2 Bxf3 13.Bxf3 O-O 14.Ne3 a5 15.a3 axb4
16.Nf5 Nb6 17.axb4 Na4 18.Bc1 c5 19.b5 Rfd8 20.Bg5 h6 21.Bd2 Bf8 22.c4 Nb6
23.Ba5 Rac8 24.Qc3 Rd4 25.Rac1 Nxe4 26.Bxe4 Rxe4 27.Qf3 Rd4 28.Nxd4 cxd4
29.Qf5 Bc5 30.Bxb6 Bxb6 31.c5 g6 32.Qg4 h5 33.Qe4 Bxc5 34.b6 Qe7 35.Ra1 Rc6
36.Qd5 Bxb6 37.Ra8+ Kg7  1-0

[Event "16th OIBM 2012"]
[Site "Bad Wiessee GER"]
[Date "2012.10.28"]
[Round "2.21"]
[White "Gutman,L"]
[Black "Hopfgartner,H"]
[Result "1-0"]
[WhiteElo "2466"]
[BlackElo "2040"]

1.Nf3 d5 2.g3 Nf6 3.Bg2 Bf5 4.O-O e6 5.d3 Be7 6.c4 c6 7.Be3 Nbd7 8.Qb3 Qc8
9.Nc3 O-O 10.Rac1 dxc4 11.Qxc4 h6 12.Qb3 a6 13.Bf4 Bh7 14.e4 Nc5 15.Qc2 Rd8
16.Rfd1 a5 17.Ne5 Ne8 18.d4 Nd7 19.Na4 Nef6 20.Qe2 Ra6 21.d5 Nxe5 22.Bxe5 exd5
23.exd5 Qg4 24.Qxg4 Nxg4 25.Bc7 Rxd5 26.Bxd5 cxd5 27.Rxd5 Be4 28.Rxa5 Rf6
29.Bb6 Bc6 30.Bd4 Rd6 31.Bc5 Rd7 32.Bxe7 Rxe7 33.Nc3 Ne5 34.Nd5 Re6 35.Ne3 Nf3+
36.Kf1 Nxh2+ 37.Ke2 Ng4 38.Rc3 Ne5 39.b4 Bf3+ 40.Ke1 Nc6 41.Ra8+ Kh7 42.b5 Nd4
43.a4 f5 44.Rcc8 Be4 45.Re8 Nf3+ 46.Ke2 Nd4+ 47.Kf1 Rf6 48.Rad8 Nf3 49.Nd5 Nd2+
50.Ke2 Bxd5 51.Rxd5 Ne4 52.Ke3 Nd6 53.Re7 b6 54.f4 h5 55.Kf3 Kh6 56.Rde5 Kg6
57.R5e6 Nc4 58.Rxf6+ Kxf6 59.Rc7  1-0

[Event "e2e4 Basingstoke Int Open"]
[Site "Basingstoke ENG"]
[Date "2012.10.28"]
[Round "2.1"]
[White "Ghasi,A"]
[Black "Hawkins,Jo"]
[Result "1/2-1/2"]
[WhiteElo "2430"]
[BlackElo "2511"]

1.Nf3 d5 2.g3 Bg4 3.Bg2 Nd7 4.c4 e6 5.cxd5 exd5 6.O-O c6 7.h3 Bh5 8.d3 Bd6
9.e4 Ne7 10.g4 Bg6 11.Nh4 dxe4 12.dxe4 Qc7 13.Na3 Rd8 14.f4 f6 15.Be3 Bc5
16.Bxc5 Nxc5 17.Qe2 Bf7 18.e5 fxe5 19.fxe5 Ne6 20.Nf5 O-O 21.Nd6 Nc8 22.Nac4 b5
23.Nxc8 Nd4 24.Qe4 Bxc4 25.Rxf8+ Rxf8 26.Qxd4 Rxc8 27.Rc1 Rd8 28.Qc5 Qf7
29.Qxc6 Qf4 30.Re1 Qd4+ 31.Kh1 Qxb2 32.Qc7 Qd2 33.Re4 Qd7 34.Qa5 Bd5 35.Re2 Re8  1/2-1/2

[Event "e2e4 Basingstoke Int Open"]
[Site "Basingstoke ENG"]
[Date "2012.10.28"]
[Round "2.9"]
[White "Vakhidov,T"]
[Black "Kisteneva,L"]
[Result "1-0"]
[WhiteElo "2466"]
[BlackElo "2057"]

1.Nf3 d5 2.g3 Nf6 3.Bg2 c5 4.O-O Nbd7 5.c4 dxc4 6.Na3 g6 7.Nxc4 Bg7 8.a4 O-O
9.a5 Qc7 10.d3 Nd5 11.Bg5 h6 12.Bd2 Rb8 13.Qc1 Kh7 14.Ng5+ hxg5 15.Bxd5 g4
16.Rb1 b5 17.axb6 axb6 18.b4 Bb7 19.Bxb7 Rxb7 20.bxc5 bxc5 21.Ba5 Rxb1 22.Bxc7 Rxc1
23.Rxc1 Rc8 24.Bf4 Bh6 25.Kg2 Bxf4 26.gxf4 Kg7 27.Kg3 Rh8 28.Ne5 Nxe5 29.fxe5 Ra8
30.Rxc5 Ra2 31.e3 Rd2 32.d4 e6 33.Rc7 Kf8 34.Rc1 Kg7 35.Rf1 Kf8 36.Kxg4 Ke7
37.h4 Ra2 38.h5 gxh5+ 39.Kxh5 Ra3 40.Kg5 Ra5 41.Kf4 Ra2 42.Ke4 f5+ 43.exf6+ Kxf6
44.f4 Ra3 45.f5  1-0

[Event "4th Marcel Duchamp Open"]
[Site "Buenos Aires ARG"]
[Date "2012.10.28"]
[Round "6.19"]
[White "Flores,N"]
[Black "Pineiro,Dar"]
[Result "1/2-1/2"]
[WhiteElo "1944"]
[BlackElo "2141"]

1.Nf3 d5 2.g3 c6 3.Bg2 Bg4 4.Ne5 Bf5 5.d4 Nd7 6.Nf3 Ngf6 7.Nbd2 e6 8.O-O Bd6
9.c4 O-O 10.Nh4 Bg4 11.h3 Bh5 12.g4 Bg6 13.Nxg6 hxg6 14.f4 c5 15.cxd5 exd5
16.e4 Nxe4 17.Bxe4 dxe4 18.Nxe4 Be7 19.Be3 cxd4 20.Qxd4 Nf6 21.Rad1 Qa5 22.Nxf6+ Bxf6
23.Qd5 Qxd5 24.Rxd5 Rfe8 25.Kf2 Rac8 26.Rd2 Rc4 27.Kf3 Rce4 28.Bxa7 Ra4 29.Bc5 Rxa2
30.Ba3 Bc3 31.Rc2 Bd4 32.Kg3 b5 33.Rf3 Be3 34.Kh4 Kh7 35.g5 Re4 36.Kg4 Ra1
37.Bd6 f6 38.gxf6 gxf6 39.Rc7+ Kg8 40.Rc8+ Kf7 41.Rf8+ Kg7 42.Rc8 Raa4 43.Rc7+ Kg8
44.Re7 Rxe7 45.Bxe7 Bd4 46.b3 Ra7 47.Bb4 Rd7 48.Rd3 Rd8 49.Ba5 Rd6 50.Bc3 f5+
51.Kf3 Bc5  1/2-1/2

[Event "TCh-CZE Div1 Zapad 2012-13"]
[Site "Czech Republic CZE"]
[Date "2012.10.28"]
[Round "1.6"]
[White "Vokoun,J"]
[Black "Neckar,L"]
[Result "0-1"]
[WhiteElo "2208"]
[BlackElo "2360"]

1.Nf3 d5 2.g3 Nf6 3.c4 e6 4.Bg2 Be7 5.b3 O-O 6.Bb2 c5 7.cxd5 exd5 8.d4 b6
9.O-O Bb7 10.Nc3 Na6 11.Ne5 Nc7 12.dxc5 bxc5 13.Rc1 Ne6 14.Qd3 Qd6 15.Na4 Ba6
16.Qd2 Rac8 17.Rfd1 Rfd8 18.Kf1 d4 19.Nc4 Qc7 20.Kg1 Bb5 21.Ba3 Bxa4 22.bxa4 Nd5
23.h4 Nc3 24.Re1 Nxa4 25.Rb1 Rb8 26.Na5 Rxb1 27.Rxb1 Nc3  0-1

[Event "TCh-CZE Div1 Zapad 2012-13"]
[Site "Czech Republic CZE"]
[Date "2012.10.28"]
[Round "1.7"]
[White "Nidl,P"]
[Black "Oresky,J"]
[Result "1/2-1/2"]
[WhiteElo "2205"]
[BlackElo "2255"]

1.Nf3 d5 2.g3 Nf6 3.Bg2 c6 4.O-O Nbd7 5.d4 e6 6.c3 Be7 7.Nbd2 O-O 8.Qc2 Re8
9.Re1 Bf8 10.e4 dxe4 11.Nxe4 Nxe4 12.Qxe4 Nf6 13.Qh4 Nd5 14.Qe4 Nf6 15.Qh4 Nd5
16.Qe4  1/2-1/2

[Event "TCh-DEN XtraCon 2012-13"]
[Site "Denmark DEN"]
[Date "2012.10.28"]
[Round "2.4"]
[White "Rostgaard,T"]
[Black "Christensen,To"]
[Result "1/2-1/2"]
[WhiteElo "2229"]
[BlackElo "2362"]

1.Nf3 d5 2.g3 g6 3.Bg2 Bg7 4.O-O e5 5.d3 Ne7 6.Nbd2 O-O 7.e4 c6 8.exd5 cxd5
9.c4 Nbc6 10.Re1 Be6 11.cxd5 Nxd5 12.a3 Rc8 13.Nc4 f6 14.h4 Nde7 15.Qe2 Bg4
16.Be3 Nf5 17.Qf1 b5 18.Ncd2 Nfd4 19.Rac1 Qd7 20.Nh2 Bf5 21.Ne4 Nb3 22.Rc3 Ncd4
23.Bxd4 Nxd4 24.Nc5 Qf7 25.Nf3 Rfd8 26.h5 Bf8 27.hxg6 Nxf3+ 28.Bxf3 Qxg6
29.b4 Bxc5 30.bxc5 Rxd3 31.Rec1 a6 32.Bb7 Rc7 33.Bxa6 Be4  1/2-1/2

[Event "TCh-DEN XtraCon 2012-13"]
[Site "Denmark DEN"]
[Date "2012.10.28"]
[Round "2.3"]
[White "Pedersen,NicV"]
[Black "Kristensen,Kaa"]
[Result "1/2-1/2"]
[WhiteElo "2443"]
[BlackElo "2336"]

1.Nf3 d5 2.g3 Nf6 3.Bg2 c5 4.O-O Nc6 5.d3 g6 6.c4 Bg7 7.cxd5 Qxd5 8.Ng5 Qd7
9.Nc3 O-O 10.Qa4 h6 11.Bxc6 bxc6 12.Nge4 Nxe4 13.Nxe4 Qd5 14.Re1 c4 15.Qxc4 Qxc4
16.dxc4 Be6 17.Bd2 f5 18.Nc5 Bxc4 19.Bc3 Bxc3 20.bxc3 Rfd8 21.e4 Kf7 22.a4 Rab8
23.Re3 e6 24.Rae1 Rd6 25.Rf3 Rb2 26.h4 Rbd2 27.h5 Rd1 28.hxg6+ Kxg6 29.Re3 fxe4
30.Rxe4 Rxe1+ 31.Rxe1 Kf7 32.Rb1 a6 33.Rb4 Rd1+ 34.Kh2 Bd5 35.g4 Rh1+ 36.Kg3 Rc1
37.Rb7+ Kg6 38.Nd7 Rxc3+ 39.Kh4 Bg2 40.Ne5+ Kf6 41.Nd7+ Kg6 42.Ne5+ Kf6 43.Nd7+ Kg6
44.Ne5+  1/2-1/2

[Event "39th ch-IND Premier w 2012"]
[Site "Jalgaon IND"]
[Date "2012.10.28"]
[Round "5.1"]
[White "Gomes,Mary"]
[Black "Meenakshi,Sub"]
[Result "1/2-1/2"]
[WhiteElo "2381"]
[BlackElo "2296"]

1.Nf3 d5 2.g3 Nf6 3.Bg2 Bf5 4.O-O e6 5.d3 Be7 6.Nbd2 h6 7.b3 Nbd7 8.Bb2 O-O
9.Qe1 Bh7 10.e4 dxe4 11.dxe4 c6 12.Qe2 Qc7 13.e5 Nd5 14.Ne4 Nc5 15.Nfd2 Nxe4
16.Bxe4 Rfd8 17.Bxh7+ Kxh7 18.a3 b5 19.c4 Nb6 20.Rac1 Qd7 21.Ne4 Qd3 22.Qxd3 Rxd3
23.cxb5 Rxb3 24.Bd4 Bxa3 25.Bxb6 Bxc1 26.Rxc1 Rxb5 27.Bc5 a5 28.Nd6 Rb3 29.Nc4 a4
30.Na3 Ra5 31.Bd6 Rd5 32.Rc4 f6 33.Rxa4 fxe5 34.Bf8 Rb8 35.Be7 Rb7 36.Bf8 Rb8
37.Be7 Rb7 38.Bf8  1/2-1/2

[Event "Chigorin Memorial"]
[Site "St Petersburg RUS"]
[Date "2012.10.29"]
[Round "3.166"]
[White "Zakharov,Y"]
[Black "Elizarova,T"]
[Result "1-0"]
[WhiteElo "1902"]
[BlackElo "1663"]

1.Nf3 d5 2.g3 c5 3.Bg2 Nc6 4.d3 e5 5.Nbd2 f6 6.e4 d4 7.a4 Be6 8.O-O Qd7 9.Nc4 O-O-O
10.Nh4 g5 11.Nf5 Nh6 12.g4 Nxf5 13.exf5 Bd5 14.Bxd5 Qxd5 15.Nd2 Be7 16.Ne4 Qf7
17.Ng3 Nb4 18.Re1 Nd5 19.Qf3 Nf4 20.Bxf4 gxf4 21.Nh5 Rhg8 22.Kh1 Kb8 23.Re2 Rd6
24.Rae1 Bd8 25.h3 c4 26.Kh2 Ba5 27.Rb1 cxd3 28.Qxd3 Rc8 29.Qe4 Rc4 30.b3 Rc3
31.b4 Bd8 32.Rd1 Rdc6 33.Rd3 Rxd3 34.cxd3 Rc3 35.Rb2 Be7 36.a5 Rb3 37.a6 Rxb4
38.Rxb4 Bxb4 39.Nxf6 bxa6 40.Qc6 Qb7 41.Qe8+ Qc8 42.Qxe5+ Kb7 43.Nd5 Qc2
44.Kg2 Qc6 45.Qg7+ Kc8 46.Qg8+ Kb7 47.Qxh7+ Kb8 48.Qg8+ Kb7 49.Qf7+ Kb8 50.g5 Be1
51.g6 Qc2 52.Qe8+ Kb7 53.Qxe1 f3+ 54.Kg3 Qc5 55.Qe7+  1-0

[Event "e2e4 Basingstoke Int Open"]
[Site "Basingstoke ENG"]
[Date "2012.10.30"]
[Round "6.1"]
[White "Ghasi,A"]
[Black "Thorhallsson,T"]
[Result "1-0"]
[WhiteElo "2430"]
[BlackElo "2436"]

1.Nf3 d5 2.g3 Nf6 3.Bg2 c5 4.O-O Nc6 5.d4 Bf5 6.dxc5 e6 7.c4 Bxc5 8.cxd5 Nxd5
9.Qa4 Qd6 10.Nh4 Bg6 11.Nxg6 hxg6 12.Nd2 Qe5 13.Qb5 Qh5 14.h4 Bb6 15.Nc4 O-O
16.e3 Qe2 17.Nd6 Qxb5 18.Nxb5 Rfd8 19.Rd1 Rac8 20.Bd2 a6 21.Nc3 Nce7 22.Na4 Ba7
23.Ba5 b6 24.Be1 b5 25.Nc3 Bb6 26.a4 Nxc3 27.Bxc3 Nd5 28.Bxd5 exd5 29.axb5 axb5
30.Ra6 Bc5 31.Ba5 Re8 32.Rxd5 b4 33.Kg2 Kh7 34.Rd7 Kg8 35.Bc7 b3 36.Ba5 Be7
37.Bc3 Bc5 38.Ra5 Be7 39.Raa7 Bf6 40.Bxf6 gxf6 41.Rxf7 Rc2 42.Rg7+ Kh8 43.Rh7+ Kg8
44.Rag7+ Kf8 45.Rb7 Kg8 46.Rhg7+ Kh8 47.Rxg6 Rxe3 48.Rxf6  1-0

[Event "4th Marcel Duchamp Open"]
[Site "Buenos Aires ARG"]
[Date "2012.10.30"]
[Round "8.23"]
[White "Di Diego,O"]
[Black "Lopez Rebert,P"]
[Result "0-1"]
[WhiteElo "1885"]
[BlackElo "2045"]

1.Nf3 d5 2.g3 c5 3.Bg2 Nc6 4.d3 e5 5.Nbd2 f5 6.c4 d4 7.Qa4 Bd7 8.Qb3 Nf6
9.O-O Bd6 10.Ng5 O-O 11.Nb1 Qe7 12.e4 dxe3 13.fxe3 f4 14.gxf4 exf4 15.exf4 Nd4
16.Qd1 Bg4 17.Nf3 Ne2+ 18.Kh1 Nxf4 19.Bxf4 Bxf4 20.Nc3 Rad8 21.Qc2  0-1

[Event "1st Loire Masters"]
[Site "Sautron FRA"]
[Date "2012.10.30"]
[Round "5.4"]
[White "Ivanov,MM"]
[Black "Dumitrache,D"]
[Result "1/2-1/2"]
[WhiteElo "2362"]
[BlackElo "2452"]

1.Nf3 d5 2.g3 c6 3.Bg2 Nf6 4.O-O Bf5 5.d3 e6 6.c4 Be7 7.cxd5 cxd5 8.Qb3 Qc8
9.Nd4 Bg6 10.Bf4 Nc6 11.Rc1 Qd7 12.Nxc6 bxc6 13.Nc3 O-O 14.Na4 Rfc8 15.Nc5 Qd8
16.Rc2 Nd7 17.Nxd7 Qxd7 18.Qa4 f6 19.Bh3 Bd6 20.Bd2 Be8 21.e4 f5 22.exf5 exf5
23.Bf4 g6 24.Bg2 Rc7 25.Re1 Rb8 26.a3 Rcb7 27.Ree2 Bxf4 28.Qxf4 Bf7 29.h4 Re8
30.h5 Rxe2 31.Rxe2 Qc7 32.Re5 a5 33.h6 Qd8 34.Qc1 a4 35.Re2 Qf6 36.Qc2 Rb3
37.d4 g5 38.Re5 f4 39.gxf4 gxf4 40.Qe2 f3 41.Re8+ Bxe8 42.Qxe8+ Qf8 43.Qe6+ Qf7  1/2-1/2

[Event "Chigorin Memorial"]
[Site "St Petersburg RUS"]
[Date "2012.10.30"]
[Round "4.75"]
[White "Andrenko,I"]
[Black "Burmakin,V"]
[Result "0-1"]
[WhiteElo "2227"]
[BlackElo "2579"]

1.Nf3 d5 2.g3 c6 3.Bg2 Nf6 4.O-O Bf5 5.d3 h6 6.Nfd2 e5 7.e4 dxe4 8.dxe4 Be6
9.Qe2 Bc5 10.Nb3 Bb6 11.N1d2 O-O 12.Nc4 Nbd7 13.Bd2 Qc7 14.h3 Rfd8 15.Bc3 a6
16.a4 Ba7 17.a5 Bxc4 18.Qxc4 Ne8 19.Qe2 Nd6 20.Bd2 Nb5 21.c3 Nc5 22.Nxc5 Bxc5
23.Rfd1 Rd6 24.Be1 Rad8 25.Bf3 Ba7 26.Kg2 c5 27.Rxd6 Rxd6 28.Rd1 c4 29.Rxd6 Nxd6
30.Qd1 Qc5 31.Qa4 Qb5 32.Qxb5 axb5 33.Bd2 Kf8 34.g4 f6 35.h4 g5 36.h5 Ke7
37.Kg3 Kd7 38.Bg2 Kc6 39.Kf3 Bb8 40.Ke2 Bc7 41.Kd1 Bxa5 42.Kc2 Nf7 43.Bf1 Nd8
44.b3 cxb3+ 45.Kxb3 Ne6 46.f3 Bb6 47.Kb4 Bc5+ 48.Kb3 Kb6 49.Be2 Ka5 50.Bf1 Nd8
51.Be2 Nc6 52.Bd1 Kb6 53.Ka2 Na5 54.Be1 Be7 55.Be2 Nc6 56.Kb2 Bc5 57.Bd1 b4
58.cxb4 Bxb4 59.Bf2+ Bc5 60.Be1 Bd4+ 61.Kb3 Kc5 62.Ka4 b5+ 63.Kb3 Kb6 64.Bb4 Bc5
65.Bc3 Be7 66.Be2 b4 67.Bb2 Kc5 68.Ba6 Na5+ 69.Ka4 Nc4 70.Ba1 Bf8 71.Bc8 Nd2
72.Bb2 Nxf3 73.Bc1 Kd4 74.Kb3 Nh2 75.Bf5 Kd3 76.Bb2 Nf3 77.Bg6 Nd2+ 78.Ka2 b3+
79.Ka1 Kc2 80.Bf7 Bb4  0-1

[Event "Chigorin Memorial"]
[Site "St Petersburg RUS"]
[Date "2012.10.30"]
[Round "4.31"]
[White "Akopian,Vl"]
[Black "Dimukhametov,A"]
[Result "1-0"]
[WhiteElo "2703"]
[BlackElo "2347"]

1.Nf3 d5 2.g3 Nf6 3.Bg2 c6 4.O-O Bg4 5.d3 Nbd7 6.Qe1 e5 7.e4 dxe4 8.dxe4 Bc5
9.Nbd2 O-O 10.h3 Bh5 11.Nc4 Re8 12.a4 Nb6 13.Ncd2 Qe7 14.a5 Nbd7 15.c3 a6
16.b4 Ba7 17.Rb1 b5 18.axb6 Bxb6 19.Nc4 Qe6 20.Nxb6 Nxb6 21.Ra1 Nc4 22.Nd2 Red8
23.f3 c5 24.bxc5 Nd7 25.g4 Bg6 26.Qe2 Nxd2 27.Bxd2 Nxc5 28.Be3 Nb3 29.Ra3 Rdc8
30.Qb2 Nc5 31.Rd1 Rab8 32.Qe2 Qe7 33.Qa2 Rd8 34.Rxd8+ Rxd8 35.Ra5 Nd3 36.Rxa6 Qh4
37.Ra8 h5 38.Rxd8+ Qxd8 39.Qd2 hxg4 40.hxg4 Qd7 41.Bf1 Bxe4 42.fxe4 Qxg4+
43.Qg2 Qh4 44.Qg5  1-0

[Event "Chigorin Memorial"]
[Site "St Petersburg RUS"]
[Date "2012.10.30"]
[Round "4.13"]
[White "Khairullin,I"]
[Black "Eliseev,U"]
[Result "1/2-1/2"]
[WhiteElo "2639"]
[BlackElo "2486"]

1.Nf3 d5 2.g3 Nf6 3.Bg2 c6 4.O-O Bf5 5.d3 h6 6.c4 dxc4 7.Ne5 Nbd7 8.Nxc4 e5
9.Nbd2 Bc5 10.b4 Be7 11.a3 O-O 12.Bb2 Qc7 13.Rc1 a6 14.Rc2 Rfe8 15.Qa1 Bf8
16.e4 Bg4 17.f3 Bh5 18.Nb3 Rad8 19.d4 exd4 20.Bxd4 c5 21.Ncd2 b6 22.Rfc1 Qb8
23.bxc5 bxc5 24.Be3 Ne5 25.Bf4 Nfd7 26.Na5 Qb5 27.Ndc4 Nxc4 28.Nxc4 g5 29.Be3 Bg7
30.Qa2 Ne5 31.a4 Qd7 32.Nxe5 Bxe5 33.Rxc5 Bd4 34.Bxd4 Qxd4+ 35.Qf2 Qxa4 36.h4 Rd1+
37.Rxd1 Qxd1+ 38.Kh2 Rd8 39.g4 Rd2 40.Rd5 Rxd5 41.exd5 Bg6 42.hxg5 Qxd5 43.f4 Qd7
44.f5 Bh7 45.Qf4 hxg5 46.Qxg5+ Kf8 47.Qh6+ Kg8 48.Be4 Qc7+ 49.Kg2 Qe5 50.Qg5+ Kh8
51.Qd8+ Kg7 52.Kf3 f6 53.Qd7+ Kh6 54.Qc6 a5 55.g5+ Kxg5 56.Qc1+ Kh5 57.Qh1+ Kg5
58.Qc1+ Kh5 59.Qh1+ Kg5 60.Qc1+  1/2-1/2